International handbook of public procurement. / (Record no. 8041)
[ view plain ]
| 000 -LEADER | |
|---|---|
| fixed length control field | 04375cam a2200349 a 4500 |
| 001 - CONTROL NUMBER | |
| control field | 15215981 |
| 003 - CONTROL NUMBER IDENTIFIER | |
| control field | OSt |
| 005 - DATE AND TIME OF LATEST TRANSACTION | |
| control field | 20211123153921.0 |
| 008 - FIXED-LENGTH DATA ELEMENTS--GENERAL INFORMATION | |
| fixed length control field | 080312s2009 flua bf 001 0 eng |
| 010 ## - LIBRARY OF CONGRESS CONTROL NUMBER | |
| LC control number | 2008011592 |
| 020 ## - INTERNATIONAL STANDARD BOOK NUMBER | |
| International Standard Book Number | 9781420054576 (alk. paper) |
| 020 ## - INTERNATIONAL STANDARD BOOK NUMBER | |
| International Standard Book Number | 1420054570 (alk. paper) |
| 035 ## - SYSTEM CONTROL NUMBER | |
| System control number | (OCoLC)ocn213600359 |
| 035 ## - SYSTEM CONTROL NUMBER | |
| System control number | (OCoLC)213600359 |
| 040 ## - CATALOGING SOURCE | |
| Original cataloging agency | DLC |
| Transcribing agency | LC |
| Modifying agency | DLC |
| 050 00 - LIBRARY OF CONGRESS CALL NUMBER | |
| Classification number | JF1525.P85.I58 |
| Item number | |
| 082 00 - DEWEY DECIMAL CLASSIFICATION NUMBER | |
| Classification number | 352.5/3 |
| Edition number | 22 |
| 245 00 - TITLE STATEMENT | |
| Title | International handbook of public procurement. / |
| 260 ## - PUBLICATION, DISTRIBUTION, ETC. | |
| Place of publication, distribution, etc. | Boca Raton, FL: |
| Name of publisher, distributor, etc. | CRC Press, |
| Date of publication, distribution, etc. | 2009. |
| 300 ## - PHYSICAL DESCRIPTION | |
| Extent | xxxi, 802 p. : |
| Other physical details | ill. ; |
| Dimensions | 26 cm. |
| 440 #0 - SERIES STATEMENT/ADDED ENTRY--TITLE | |
| Title | Public administration and public policy ; |
| Volume/sequential designation | 146 |
| 504 ## - BIBLIOGRAPHY, ETC. NOTE | |
| Bibliography, etc. note | Includes bibliographical references and index. |
| 505 ## - FORMATTED CONTENTS NOTE | |
| Formatted contents note | Contents: International public procurement: a conceptual framework -- 1. Public procurement: a conceptual framework: Framework for assessing the acquisition function at federal agencies -- Assessing federal procurement reform: has the procurement pendulum stopped swinging -- Analytical framework for the management and reform of public procurement -- EU directives as anticorruption measures: excluding corruption-convicted tenderers from public procurement contracts – Public procurement reforms in Africa: a tool for effective governance of the public sector and poverty reduction -- Simulation approach to in-house versus contracted-out cost comparisons -- Public procurement organization: a comparison of purchasing’s organizational roles and responsibilities in the public and private sectors -- Service sourcing –How many vendors does it take to screw down a price? A primer on competition in procurement -- 2. Procurement systems: Public procurement in the United Nations system -- EC regime on public procurement – U.S. federal government procurement: Organizational structure, process and current issues -- Public procurement in Germany -- China’s government procurement policy and international frame work: history, structure and operation -- Overview of the government procurement system in South Africa -- Public procurement in Cambodia -- Procurement in Uganda -- Public procurement in post- transitional context: the case of Estonia -- Procurement process in the public sector -- 3. E- procurement: Key issues In E-procurement implementation and operation in the public sector -- Factors influencing E-procurement usage -- Facilitators of public E- procurement: lessons learned from the U.K., U.S., and Australian initiatives – Evaluation of public E- procurement services accessibility: a multicriteria approach -- World bank E-procurement for the selection of consultants: challenges and lessons learned -- E-procurement management in state governments: diffusion of E-procurement practices and its -- 4.Public procurement methods and practices: Best practices: Using spend analysis to help agencies take a more strategic approach to procurement -- Contract negotiations -- Controlling service process performance with statistical process control -- Fixed asset disposal: methods and strategies for disposing of personal property in the public sector -- Enhancing the use of past performance as a source selection criterion -- Ban-on-negotiations in tender procedures: undermining the best value for money -- Bid protests: theory and practice -- Decision technological foundations of public procurement processes -- Pricing strategies and cost analysis in public procurement -- Public-private partnerships -- Market’s response to contract award announcements: government versus corporate contracts -- Economic context of public procurement -- Offset policy design in international procurement -- regression approach for estimating procurement cost -- Procurement design: lessons from economic theory and illustrations from the Dutch procurement of welfare-to-work projects -- |
| 650 #0 - SUBJECT ADDED ENTRY--TOPICAL TERM | |
| Topical term or geographic name entry element | Government purchasing |
| Form subdivision | Handbooks, manuals, etc. |
| 650 #0 - SUBJECT ADDED ENTRY--TOPICAL TERM | |
| Topical term or geographic name entry element | Government spending policy |
| Form subdivision | Handbooks, manuals, etc. |
| 650 #0 - SUBJECT ADDED ENTRY--TOPICAL TERM | |
| Topical term or geographic name entry element | Public contracts |
| Form subdivision | Handbooks, manuals, etc. |
| 700 1# - ADDED ENTRY--PERSONAL NAME | |
| Personal name | Thai, Khi V., |
| 856 41 - ELECTRONIC LOCATION AND ACCESS | |
| Materials specified | Table of contents only |
| Uniform Resource Identifier | <a href="http://www.loc.gov/catdir/toc/ecip0814/2008011592.html">http://www.loc.gov/catdir/toc/ecip0814/2008011592.html</a> |
| 906 ## - LOCAL DATA ELEMENT F, LDF (RLIN) | |
| a | 7 |
| b | cbc |
| c | orignew |
| d | 1 |
| e | ecip |
| f | 20 |
| g | y-gencatlg |
| 942 ## - ADDED ENTRY ELEMENTS (KOHA) | |
| Source of classification or shelving scheme | Library of Congress Classification |
| Koha item type | Books |
| Withdrawn status | Lost status | Source of classification or shelving scheme | Damaged status | Not for loan | Home library | Current library | Shelving location | Date acquired | Full call number | Barcode | Date last seen | Copy number | Price effective from | Koha item type |
|---|---|---|---|---|---|---|---|---|---|---|---|---|---|---|
| Library of Congress Classification | WISCONSIN INTERNATIONAL UNIVERSITY COLLEGE, GHANA KUMASI LIBRARY | WISCONSIN INTERNATIONAL UNIVERSITY COLLEGE, GHANA KUMASI LIBRARY | General Stacks | 05/11/2019 | JF1525.P85.I58 | K/1332/1332/19 | 19/11/2021 | 1 | 19/11/2021 | Books |
